000 00705nam0a22002291 4500
001 rc\458598
005 20030616171833.9
035 _a(NLR Aleph) 005703153
090 _a7299046
_c7299046
100 _a20030616d1987 u |0rusy50 ca
101 0 _arus
102 _aRU
105 _aa |||||||||
200 1 _aДмитрий Донской
_eРоман
_fСергей Бородин
_g[Худож. А.К. Шеверов]
210 _aМинск
_cБеларусь
_d1987
215 _a350, [2] с.
_cил.
_d21
700 1 _aБородин
_bС. П.
_f1902-1974
_gСергей Петрович
801 0 _aRU
_bNLR
_gpsbo
801 1 _aRU
_bELAR
_2rusmarc
852 _aNLR
_j87-3/6621
942 _cBOOK
980 _aNB